Normal view
MARC view
- Xi, Jinping
Entry Personal Name
001 - CONTROL NUMBER
- control field: 55146
003 - CONTROL NUMBER IDENTIFIER
- control field: NUST
005 - DATE AND TIME OF LATEST TRANSACTION
- control field: 20210507111831.0
008 - FIXED-LENGTH DATA ELEMENTS
- fixed length control field: 210507|| aca||aabn | a|a d
040 ## - CATALOGING SOURCE
- Original cataloging agency: NUST
- Transcribing agency: NUST
100 ## - HEADING--PERSONAL NAME
- Personal name: Xi, Jinping
670 ## - SOURCE DATA FOUND
- Source citation: Work cat.: (NUST)0: Xi, Jinping., Xi Jinping, The Governance of China.
